উত্তর অণ্বেষা / (Record no. 48726)
[ view plain ]
| 000 -LEADER | |
|---|---|
| fixed length control field | 00860nam a2200229 a 4500 |
| 001 - CONTROL NUMBER | |
| control field | 48726 |
| 003 - CONTROL NUMBER IDENTIFIER | |
| rucl marc code | BD-RjUL |
| 005 - DATE AND TIME OF LATEST TRANSACTION | |
| control field | 20211209054556.0 |
| 008 - FIXED-LENGTH DATA ELEMENTS--GENERAL INFORMATION | |
| fixed length control field | 160816s1970 bg 001 p ben d |
| 035 ## - SYSTEM CONTROL NUMBER | |
| System control number | (BD-RjUL)48845 |
| 040 ## - CATALOGING SOURCE | |
| Original cataloging agency | BD-RjUL |
| Transcribing agency | BD-RjUL |
| Modifying agency | BD-RjUL |
| Language of cataloging | ben |
| 041 ## - LANGUAGE CODE | |
| Language code of text/sound track or separate title | ben |
| 082 04 - DEWEY DECIMAL CLASSIFICATION NUMBER | |
| Edition number | 22 |
| Classification number | 891.441 |
| Author mark and year | COU 1970 |
| 100 10 - MAIN ENTRY--PERSONAL NAME | |
| Personal name | চৌধুরী, আবদুস সামাদ |
| 9 (RLIN) | 147041 |
| 245 10 - TITLE STATEMENT | |
| Title | উত্তর অণ্বেষা / |
| Statement of responsibility, etc. | আবদুস সামাদ চৌধুরী |
| 260 ## - PUBLICATION, DISTRIBUTION, ETC. (IMPRINT) | |
| Place of publication, distribution, etc. | রাজশাহী : |
| Name of publisher, distributor, etc. | নর্থ বেঙ্গল পাবলিশার্স, |
| Date of publication, distribution, etc. | ১৯৭০ |
| 300 ## - PHYSICAL DESCRIPTION | |
| Pagination | ৯৯ পৃ. ; |
| Size | ২০ সেমি. |
| 500 ## - GENERAL NOTE | |
| General note | পংক্তি সুচী সংযুক্ত |
| 650 #0 - SUBJECT ADDED ENTRY--TOPICAL TERM | |
| Topical term or geographic name as entry element | বাংলা কবিতা |
| 9 (RLIN) | 9451 |
| Topical term or geographic name as entry element | Bengali poetry |
| 9 (RLIN) | 117526 |
| 942 ## - ADDED ENTRY ELEMENTS (KOHA) | |
| Source of classification or shelving scheme | Dewey Decimal Classification |
| Koha item type | Books |
| Lost status | Source of classification or shelving scheme | Damaged status | Not for loan | Collection code | Permanent Location | Current Location | Shelving location | Date acquired | Source of acquisition | Total Checkouts | Full call number | Date last seen | Copy number | Koha item type |
|---|---|---|---|---|---|---|---|---|---|---|---|---|---|---|
| Dewey Decimal Classification | Non-fiction | Central Library, University of Rajshahi | Central Library, University of Rajshahi | 02/11/1977 | Author | B 891.441 COU 1970 | 16/08/2016 | C-2 | Books | |||||
| Dewey Decimal Classification | Non-fiction | Central Library, University of Rajshahi | Central Library, University of Rajshahi | 02/11/1977 | Author | B 891.441 COU 1970 | 16/08/2016 | C-3 | Books |